• 首页
  • 本馆介绍
  • 公告通知
  • 最新文献
  • 馆藏检索
  • 电子资源
  • 读者导购
  • 参考咨询
  • 我的图书馆
  • 登录
  • 详细信息显示
  • 放入我的书架
  • 预约/预借图书
  • 作者相关作品
  • 分类相关作品
  • 丛书相关作品
  • 出版社相关作品

书目信息

  • 表格格式
  • 工作单格式
  • 卡片格式
题名:
中国古代天文历法
    
 
作者: 徐潜 主编 ;李思默 , 王忠强 编著
分册:  
出版信息: 长春   吉林文史出版社  2014.02
页数: 188页
开本: 24cm
丛书名: 辉煌的文教科技
单 册:
中图分类: P1-092 , P194.3
科图分类:
主题词: 天文学史--中国--古代--普及读物 , 古历法--中国--普及读物 , 天文学史 , 古历法
电子资源:
ISBN: 978-7-5472-1519-7
000 01034oam2 2200337 450
001 0120141244773
005 20140611150426.25
010    @a978-7-5472-1519-7@dCNY26.00
100    @a20140304d2014 em y0chiy0110 ea
101 0  @achi
102    @aCN@b220000
105    @aa z 000yy
106    @ar
200 1  @a中国古代天文历法@9zhong guo gu dai tian wen li fa@f徐潜主编@g李思默,王忠强编著
210    @a长春@c吉林文史出版社@d2014.02
215    @a188页@c图@d24cm
225 2  @a辉煌的文教科技
330    @a本书共分为四部分,主要内容包括:二十四节气、天干与地支、浑天仪与地动仪、古代天文历法。
333    @a一般读者
461  0 @12001 @a辉煌的文教科技
606 0  @a天文学史@y中国@z古代@j普及读物
606 0  @a古历法@y中国@j普及读物
606 0  @a天文学史
606 0  @a古历法
690    @aP1-092@v5
690    @aP194.3@v5
701  0 @a徐潜@9xu qian@4主编
702  0 @a李思默@9li si mo@4编著
702  0 @a王忠强@9wang zhong qiang@4编著
801  0 @aCN@b人天书店@c20140304
905    @b845079-81@dP1-092@e162@f3
    
    中国古代天文历法/徐潜主编/李思默,王忠强编著.-长春:吉林文史出版社,2014.02
    188页:图;24cm.-(辉煌的文教科技)
    使用对象:一般读者
    
    ISBN 978-7-5472-1519-7:CNY26.00
    本书共分为四部分,主要内容包括:二十四节气、天干与地支、浑天仪与地动仪、古代天文历法。
●
相关链接 在E读中查询图书 在五车中查询图书 在当当中查询图书 在豆瓣中查询图书


正题名:中国古代天文历法     索取号:P1-092/162         预约/预借

序号 登录号 条形码 馆藏地/架位号 状态 备注
1 845079   208450790   第二样本阅览室/ [索取号:P1-092/162] 在馆    
2 845080   208450807   第三借阅区/ [索取号:P1-092/162] 在馆    
3 845081   208450816   第三借阅区/ [索取号:P1-092/162] 在馆    
唐山师范学院图书馆 欢迎您!
大连网信软件有限公司© 版权所有